<?xml version="1.0" encoding="UTF-8"?>
<record
    xmlns:xsi="http://www.w3.org/2001/XMLSchema-instance"
    xsi:schemaLocation="http://www.loc.gov/MARC21/slim http://www.loc.gov/standards/marcxml/schema/MARC21slim.xsd"
    xmlns="http://www.loc.gov/MARC21/slim">

  <leader>00328    a2200109   4500</leader>
  <controlfield tag="001">ART_58058</controlfield>
  <controlfield tag="005">20260410161815.0</controlfield>
  <controlfield tag="008">260409a                                 </controlfield>
  <datafield tag="245" ind1="1" ind2="0">
    <subfield code="a">Sobre la ense&#xF1;anza del Derecho Constitucional.</subfield>
  </datafield>
  <datafield tag="100" ind1="1" ind2=" ">
    <subfield code="a">Gusman, Alfredo S.</subfield>
  </datafield>
  <datafield tag="773" ind1="0" ind2=" ">
    <subfield code="t">Academia</subfield>
    <subfield code="g">- A&#xF1;o 18, N&#xB0; 37 (ene./jun. 2021)</subfield>
    <subfield code="w">REV4314</subfield>
  </datafield>
  <datafield tag="999" ind1=" " ind2=" ">
    <subfield code="c">21863</subfield>
    <subfield code="d">21863</subfield>
  </datafield>
</record>
